Landeskunde der Tschechoslovakei und der deutschsprachigen Länder

Guardado en:
Detalles Bibliográficos
Autor principal: Strelingerová, Jiřina
Otros Autores: Ondrčková, Eva
Formato: Libro
Lenguaje:alemán
Publicado: Bratislava Vysoká škola ekonomická 1981
Etiquetas: Agregar Etiqueta
Sin Etiquetas, Sea el primero en etiquetar este registro!

MARC

LEADER 00000nam a2200000 4500
001 c141903
005 20230116104621.8
041 0 |a ger 
044 |a SK 
245 1 0 |a Landeskunde der Tschechoslovakei und der deutschsprachigen Länder  |c Jiřina Strelingerová, Eva Ondrčková 
264 1 |a Bratislava  |b Vysoká škola ekonomická  |c 1981 
300 |a 168 s. 
100 1 |a Strelingerová, Jiřina 
700 1 |a Ondrčková, Eva